000 01020nam a22003137a 4500
003 OSt
005 20260413095314.0
008 260413b |||||||| |||| 00| 0 eng d
010 _a2015932004
020 _a9780062074539
040 _cHARPER TEEN
041 _aENGLISH
050 _aPZ 7.S539 2015
_b.S539 2015
100 _aShepard, Sara.
245 _aThe good girls /
_cSara Shepard.
250 _a1ST EDITION
260 _aNew York :
_bHarperTeen,
_c2015.
300 _a339 pages ;
_c21 cm.
490 _aThe perfectionists ;
_vbook 2
520 _aA group of high school girls become entangled in secrets and a murder investigation as they attempt to uncover the truth behind a mysterious death.
650 _aHigh school students
_vFiction.
650 _aFemale friendship
_vFiction.
650 _aMurder
_vInvestigation
650 _aSecrets
_vFiction.
655 _2lcgft
_aYoung adult fiction.
655 _2lcgft
_aMystery fiction.
800 _aShepard, Sara.
942 _2lcc
_cBK
_e1st ed.
_n0
999 _c10053
_d10053